01133 2200349 4500001002100000005001500021035002000036007000300056008004100059020002200100082001500122084001700137100002300154245016600177250003400343300002800377650002200405700003100427700003500458700002900493700002400522264003800546336002100584337003000605338002300635040002200658090002200680850001200702504002500714999002200739990002200761INLIS00000000089178320241210023221 a0010-1224000330ta241210s2024 yoi g ind d a978-623-466-500-004223a352.14 a352.14 SUW t0 aSuwarjoePengarang10aTata kelola pemerintah DIY :barah kesejahteraan dan peningkatan kualitas layanan publik /cSuwarjo, Oktiva Angraini, Retno Kusumawiranti, SL. Harjanta, Syakdiah aCetakan pertama, Oktober 2024 ax, 103 halaman ;c23 cm 4aPemerintah daerah0 aOktiva AngrainiePengarang0 aRetno KusumawirantiePengarang1 aHarjanta, SL.ePengarang0 aSyakdiahePengarang31aSleman :bZahir Publishing,c2024 2rdacontentateks 2rdamediaatanpa perantara 2rdacarrieravolume aYOPDYOGbinderda aCB-D.11 2024-3630 aYOPDYOG aTermasuk bibliografi aCB-D.11/2024-3630 aCB-D.11/2024-3630